01419cam a22003857a 4500003000500000005001700005008004100022010001000063011001000073020001400083035001000097040000900107082001500116100002700131245009100158260008600249300001000335590004100345590004100386590004100427590004100468590004100509590004100550590004200591650004800633650005000681700002600731700002900757901000700786905001300793942001000806949006500816999001700881952013500898CHAP20220329142432.0010131d2000 mx r 00110 spa d a83400 a84372 a997401463 a94892 cCHAP04a301.35bA500aAmtmann, Carlos.9545210a30 Años de sociología rural en América Latinac/por Carlos Amtmann, ... (et al.) aMontevideo, Uruguay :bAsociación Latinoamericana de Sociología Rural,c2000. a235p. aBATCH-UPDb10c20130110lUCH01h0016 aBATCH-UPDb10c20130110lUCH01h0347 aBATCH-UPDb10c20130110lUCH01h1931 aBATCH-UPDb10c20130409lUCH01h1954 aBATCH-UPDb10c20130410lUCH01h0434 aBATCH-UPDb10c20130914lUCH01h0323 aCONVERSIONb10c20130109lUCH01h134614aAmerica LatinaxCondiciones sociales.9539514aSociología ruralxAmérica Latina.91082180 aBrumer, Anita.9157650 aChonchol, Jaques.922859 aBK aEdna Luz cLIBRO a301.35 A5bBCcLIBROd33724000815932eLIBROh99547i94892si c83400d83400 00102ddc4052708GRALaBCbBCcPA_GRALd2019-12-31fLIBROl0o301.35 A5p33724000815932r2019-12-31 00:00:00w2019-12-31yLIBRO